[Event "Rutas de Cuenca op 2nd"]
[Site "Cuenca"]
[Date "2015.06.20"]
[Round "4"]
[White "Monmeneu Chulia, Victor J"]
[Black "Pastor Villalba, Arturo"]
[Result "1-0"]
[WhiteElo "2068"]
[BlackElo "1859"]
[PlyCount "65"]
[EventDate "2015.06.19"]
[EventType "swiss"]
[EventRounds "7"]
[EventCountry "ESP"]
[SourceTitle "EXT 2019"]
[Source "ChessBase"]
[SourceDate "2018.10.10"]
[SourceVersion "1"]
[SourceVersionDate "2018.10.10"]
[SourceQuality "1"]

1. e4 e6 2. Nf3 d5 3. e5 c5 4. b4 d4 5. bxc5 Bxc5 6. Bc4 Qa5 7. 0-0 Nc6 8. d3 Nge7 9. Bf4 Nd5 10. Bg3 Bd7 11. Ng5 Nce7 12. Nd2 Nc3 13. Qf3 0-0 14. Qh5 h6 15. Nge4 Nxe4 16. Nxe4 Kh7 17. Bf4 Ng8 18. Ng5+ Kh8 19. Nxf7+ Kh7 20. Ng5+ Kh8 21. g3 Rf5 22. Qh3 Qb6 23. Rab1 Qc6 24. Ne4 a6 25. Nxc5 Qxc5 26. Rxb7 Bc8 27. Rbb1 g5 28. Bd2 Rxe5 29. Rbe1 Rf5 30. f4 gxf4 31. Rxf4 Rb8 32. Rxf5 exf5 33. Re8 1-0

[Event "Benidorm op U2300 11th"]
[Site "Benidorm"]
[Date "2012.12.07"]
[Round "9"]
[White "Parals Marce, Luis"]
[Black "Monmeneu Chulia, Victor J"]
[Result "1/2-1/2"]
[WhiteElo "2000"]
[BlackElo "2140"]
[PlyCount "38"]
[EventDate "2012.11.30"]
[EventType "swiss"]
[EventRounds "10"]
[EventCountry "ESP"]
[SourceTitle "EXT 2014"]
[Source "ChessBase"]
[SourceDate "2013.11.20"]
[SourceVersion "1"]
[SourceVersionDate "2013.11.20"]
[SourceQuality "1"]

1. d4 Nf6 2. Nf3 d6 3. e3 Bf5 4. c4 g6 5. Be2 Bg7 6. 0-0 0-0 7. Nc3 Nc6 8. a3 e5 9. b4 exd4 10. exd4 Ne4 11. Bb2 Nxc3 12. Bxc3 d5 13. b5 Nb8 14. c5 Nd7 15. c6 bxc6 16. bxc6 Nb6 17. Ne5 Re8 18. a4 f6 19. Nd3 Nc4 1/2-1/2

[Event "Benidorm op U2300 04th"]
[Site "Benidorm"]
[Date "2005.11.16"]
[Round "6"]
[White "Monmeneu Chulia, Victor J"]
[Black "Pallardo Lozoya, Jose Vicente"]
[Result "0-1"]
[WhiteElo "2197"]
[BlackElo "2298"]
[PlyCount "84"]
[EventDate "2005.11.11"]
[EventType "swiss"]
[EventRounds "9"]
[EventCountry "ESP"]
[SourceTitle "CBM 109 Extra"]
[Source "ChessBase"]
[SourceDate "2006.01.03"]
[SourceVersion "2"]
[SourceVersionDate "2006.01.03"]
[SourceQuality "1"]

1. e4 c5 2. Nc3 Nc6 3. g3 g6 4. Bg2 Bg7 5. d3 e6 6. Be3 d6 7. Qd2 Rb8 8. Nge2 Nd4 9. 0-0 b5 10. Nc1 Ne7 11. Nd1 b4 12. c3 bxc3 13. bxc3 Ndc6 14. Bh6 0-0 15. Bxg7 Kxg7 16. Ne3 Ba6 17. f4 f5 18. Rf2 Qa5 19. g4 fxg4 20. Nxg4 d5 21. Ne2 h5 22. exd5 exd5 23. Ne3 d4 24. Nd5 Rbd8 25. Nxe7 Nxe7 26. Qb2 dxc3 27. Nxc3 Kh6 28. Qc1 Nf5 29. Ne4 Rd5 30. Ng3 Rxd3 31. Be4 Rd6 32. Bxf5 gxf5 33. Qc2 Bd3 34. Qd1 h4 35. Qh5+ Kg7 36. Qxh4 Qd8 37. Qh5 Rg6 38. Re1 Rh8 39. Qf3 Be4 40. Rxe4 fxe4 41. Qc3+ Qd4 42. Qa5 Rxh2 0-1

[Event "Benidorm op U2300 03rd"]
[Site "Benidorm"]
[Date "2004.11.24"]
[Round "6"]
[White "Minaya Molano, Juan M"]
[Black "Monmeneu Chulia, Victor J"]
[Result "1/2-1/2"]
[WhiteElo "2278"]
[BlackElo "2182"]
[PlyCount "56"]
[EventDate "2004.11.19"]
[EventType "swiss"]
[EventRounds "9"]
[EventCountry "ESP"]
[SourceTitle "CBM 103 Extra"]
[Source "ChessBase"]
[SourceDate "2005.01.01"]
[SourceVersion "1"]
[SourceVersionDate "2005.01.01"]
[SourceQuality "1"]

1. e4 Nc6 2. Nc3 e5 3. g3 g6 4. Bg2 Bg7 5. d3 d6 6. Be3 f5 7. Qd2 Be6 8. exf5 Bxf5 9. Nge2 Qd7 10. d4 Nf6 11. h3 Nb4 12. Rc1 c6 13. g4 Be6 14. dxe5 dxe5 15. Qxd7+ Nxd7 16. a3 Nd5 17. Bd2 0-0 18. 0-0 Nf4 19. Ng3 Nb6 20. Nce4 Nxg2 21. Kxg2 Nd5 22. Rfe1 b6 23. Rcd1 Nf4+ 24. Kh2 Bd5 25. Be3 Rad8 26. b3 c5 27. c4 Bc6 28. Rxd8 Rxd8 1/2-1/2

[Event "La Pobla de Vallbona op"]
[Site "La Pobla de Vallbona"]
[Date "2004.10.??"]
[Round "5"]
[White "Monmeneu Chulia, Victor J"]
[Black "Pallardo Lozoya, Jose Vicente"]
[Result "0-1"]
[WhiteElo "2182"]
[BlackElo "2257"]
[PlyCount "78"]
[EventDate "2004.10.??"]
[EventType "swiss"]
[EventRounds "8"]
[EventCountry "ESP"]
[SourceTitle "EXT 2006"]
[Source "ChessBase"]
[SourceDate "2005.11.24"]
[SourceVersion "1"]
[SourceVersionDate "2005.11.24"]
[SourceQuality "1"]

1. e4 c5 2. Nc3 Nc6 3. g3 g6 4. Bg2 Bg7 5. d3 e6 6. Be3 d6 7. Qd2 Rb8 8. f4 Nge7 9. Nf3 Nd4 10. 0-0 0-0 11. Rae1 b5 12. Nh4 f5 13. Nd1 b4 14. c3 bxc3 15. bxc3 Ndc6 16. exf5 gxf5 17. Nf3 Qa5 18. d4 cxd4 19. Nxd4 Nxd4 20. Bxd4 e5 21. Be3 Rd8 22. Rf2 Be6 23. Qc1 e4 24. Ree2 Nd5 25. g4 Rdc8 26. gxf5 Bxf5 27. Bf1 Nxc3 28. Nxc3 Qxc3 29. Rc2 Qa5 30. Rg2 Rxc2 31. Qxc2 Bg6 32. Qc4+ d5 33. Qc6 d4 34. Qe6+ Kh8 35. f5 Qxf5 36. Qxf5 Bxf5 37. Rxg7 Kxg7 38. Bxd4+ Kg6 39. Bc4 Rb4 0-1

[Event "Benidorm Bali op-A"]
[Site "Benidorm"]
[Date "2003.11.24"]
[Round "5"]
[White "Monmeneu Chulia, Victor J"]
[Black "Tscharotschkin, Michael"]
[Result "1/2-1/2"]
[WhiteElo "2133"]
[BlackElo "2214"]
[PlyCount "193"]
[EventDate "2003.11.21"]
[EventType "swiss"]
[EventRounds "9"]
[EventCountry "ESP"]
[SourceTitle "CBM 097 Extra"]
[Source "ChessBase"]
[SourceDate "2004.01.13"]
[SourceVersion "1"]
[SourceVersionDate "2004.01.13"]
[SourceQuality "1"]

1. e4 e6 2. Qe2 Ne7 3. Nc3 d5 4. d3 Nbc6 5. Nf3 d4 6. Nd1 e5 7. g3 Ng6 8. Bg2 f6 9. h4 Bg4 10. h5 Bb4+ 11. Bd2 Bxd2+ 12. Qxd2 Nge7 13. Rh4 Qd7 14. Nh2 Be6 15. f4 0-0-0 16. Nf2 g5 17. hxg6 Nxg6 18. Rh6 exf4 19. gxf4 f5 20. Rh5 Rhf8 21. e5 Nge7 22. Rxh7 Rh8 23. Rxh8 Rxh8 24. Nf1 Ng6 25. a3 Bd5 26. Bxd5 Qxd5 27. b3 Qf3 28. Qe2 Qxe2+ 29. Kxe2 Nxf4+ 30. Kf3 Rh4 31. Re1 Ng6 32. e6 Nce5+ 33. Kg3 Kd8 34. Nh3 Ke7 35. Nd2 f4+ 36. Kg2 f3+ 37. Kh2 f2 38. Rf1 Kxe6 39. Kg3 Rg4+ 40. Kh2 Rh4 41. Kg3 Rg4+ 42. Kxf2 Nh4 43. Rg1 Kf5 44. Rxg4 Nxg4+ 45. Kg3 Ng6 46. Nf3 c5 47. b4 b6 48. bxc5 bxc5 49. Nhg5 Ne3 50. Ne4 Nxc2 51. a4 Ke6 52. Nxc5+ Kd5 53. Nb3 Ne5 54. Nxe5 Kxe5 55. Kf3 Nb4 56. Ke2 Kd5 57. Kd2 Na2 58. Kc2 Nb4+ 59. Kd2 Na6 60. Na5 Nc5 61. Nc4 Nxa4 62. Kc2 Nc5 63. Na5 Ne6 64. Nb3 Kc6 65. Na5+ Kb5 66. Nc4 Kb4 67. Ne5 Nd8 68. Nf3 Nc6 69. Kb2 a5 70. Ne1 a4 71. Nc2+ Kb5 72. Ka3 Ka5 73. Ne1 Na7 74. Nc2 Nb5+ 75. Kb2 Kb6 76. Ka2 Ka6 77. Kb2 Ka5 78. Ka2 Nc3+ 79. Kb2 Ne2 80. Ka2 Kb5 81. Kb2 Kc5 82. Ka3 Nc3 83. Kb2 Nd5 84. Ka3 Nc3 85. Kb2 Nb5 86. Ka2 Kd5 87. Kb2 Ke5 88. Ka2 Kd5 89. Kb2 Kc6 90. Ka2 Kb6 91. Kb2 Ka5 92. Ka2 Nc3+ 93. Ka3 Ne2 94. Kb2 Nf4 95. Nxd4 Nxd3+ 96. Ka3 Ne5 97. Nb3+ 1/2-1/2

[Event "Benidorm Bali op-A"]
[Site "Benidorm"]
[Date "2003.11.21"]
[Round "1"]
[White "Ferron Garcia, Carlos"]
[Black "Monmeneu Chulia, Victor J"]
[Result "1-0"]
[WhiteElo "2279"]
[BlackElo "2133"]
[PlyCount "79"]
[EventDate "2003.11.21"]
[EventType "swiss"]
[EventRounds "9"]
[EventCountry "ESP"]
[SourceTitle "CBM 097 Extra"]
[Source "ChessBase"]
[SourceDate "2004.01.13"]
[SourceVersion "1"]
[SourceVersionDate "2004.01.13"]
[SourceQuality "1"]

1. e4 Nc6 2. Bb5 Nd4 3. Ba4 b5 4. c3 Bb7 5. d3 f5 6. cxd4 bxa4 7. Nc3 Nf6 8. f3 e6 9. Qxa4 c5 10. Be3 Bc6 11. Qc2 Qb6 12. Nge2 Rb8 13. 0-0 cxd4 14. Bxd4 Qa5 15. Bf2 fxe4 16. dxe4 Bc5 17. Nd4 Bxd4 18. Bxd4 0-0 19. a3 e5 20. Bf2 Rfc8 21. Rfd1 Ba8 22. b4 Qa6 23. Bc5 Rc6 24. b5 Rxb5 25. Nxb5 Qxb5 26. Rab1 Qxc5+ 27. Qxc5 Rxc5 28. Rb8+ Kf7 29. Rxa8 Ra5 30. Rd3 Ke7 31. Kf2 g5 32. Rb3 g4 33. Kg3 gxf3 34. gxf3 Ra6 35. Kh4 Ne8 36. Rb5 Nc7 37. Rxe5+ Kd6 38. Rf5 Rxa3 39. Rh8 Ra2 40. Kg3 1-0

[Event "Valencia Once op 9th"]
[Site "Valencia"]
[Date "2003.10.02"]
[Round "5.6"]
[White "Vassallo Barroche, Mauricio"]
[Black "Monmeneu Chulia, Victor J"]
[Result "0-1"]
[WhiteElo "2396"]
[BlackElo "2133"]
[PlyCount "84"]
[EventDate "2003.09.27"]
[EventType "swiss"]
[EventRounds "7"]
[EventCountry "ESP"]
[SourceTitle "CBM 096 Extra"]
[Source "ChessBase"]
[SourceDate "2003.10.22"]
[SourceVersion "2"]
[SourceVersionDate "2003.10.20"]
[SourceQuality "1"]

1. d4 Nf6 2. c4 d6 3. g3 Bf5 4. Bg2 c6 5. Nc3 Nbd7 6. e4 Bg6 7. Nge2 e5 8. 0-0 h5 9. h3 Be7 10. Be3 Qc7 11. Rc1 a5 12. f4 exd4 13. Nxd4 Nc5 14. Qc2 0-0 15. Rfe1 Rfe8 16. Bf2 Bf8 17. f5 Bh7 18. Bf3 Nfd7 19. Bxh5 Ne5 20. Be2 Be7 21. Kg2 Bf6 22. Rcd1 Re7 23. g4 Ned7 24. h4 Rae8 25. Bf1 Be5 26. Be2 Bf4 27. Bf1 Nf6 28. Nde2 Be5 29. g5 Bxc3 30. Nxc3 Nfxe4 31. Nxe4 Nxe4 32. Rxe4 Rxe4 33. Bg3 Bxf5 34. Qf2 Qc8 35. Bd3 Bh3+ 36. Kh2 Re3 37. Rd2 Bg4 38. Qf4 d5 39. b3 Rf3 40. Qd4 Ree3 41. Be5 Bf5 42. Be2 Rf2+ 0-1

[Event "Mislata op-B 11th"]
[Site "Mislata"]
[Date "2003.??.??"]
[Round "9.5"]
[White "Monmeneu Chulia, Victor J"]
[Black "Ori, Marco"]
[Result "1-0"]
[WhiteElo "2133"]
[BlackElo "2077"]
[PlyCount "109"]
[EventDate "2003.08.19"]
[EventType "swiss"]
[EventRounds "9"]
[EventCountry "ESP"]
[SourceTitle "EXT 2004"]
[Source "ChessBase"]
[SourceDate "2003.11.25"]
[SourceVersion "1"]
[SourceVersionDate "2003.11.25"]
[SourceQuality "1"]

1. e4 c6 2. f4 d5 3. Nc3 dxe4 4. Nxe4 Nf6 5. Nf2 c5 6. Nf3 Nc6 7. b3 Qd6 8. Nd3 Nd5 9. g3 Bg4 10. Bb2 f6 11. h3 Bh5 12. Bg2 0-0-0 13. Qe2 Ndb4 14. Nxb4 Nxb4 15. d3 Re8 16. 0-0 Rg8 17. a3 Nc6 18. b4 g5 19. fxg5 Bxf3 20. Qxf3 Rxg5 21. bxc5 Qxc5+ 22. d4 Qd6 23. g4 Rb5 24. d5 Ne5 25. Bxe5 Qxe5 26. Qd3 Rb6 27. Rae1 Qd6 28. Be4 h5 29. gxh5 Bh6 30. Bf5+ Kb8 31. Be6 Bg5 32. Re4 Ra6 33. a4 Qc5+ 34. Kh1 Rd8 35. Rc4 Qa5 36. Qg3+ Ka8 37. Rb1 Rad6 38. Rcb4 b6 39. c4 Bd2 40. R4b2 Bc3 41. Rb5 Be5 42. Rxa5 Bxg3 43. Rab5 Bf2 44. Kg2 Bc5 45. Kf3 Rh8 46. Bg4 f5 47. Bxf5 Rxh5 48. Ke4 Rf6 49. Bg4 Rg5 50. a5 Rf2 51. Rxc5 bxc5 52. Bd7 Rf6 53. Bc6+ Rxc6 54. dxc6 Rh5 55. c7 1-0

[Event "Mislata op 10th"]
[Site "Mislata"]
[Date "2001.08.23"]
[Round "4.10"]
[White "Sanchez Guirado, Francisco Javier"]
[Black "Monmeneu Chulia, Victor J"]
[Result "1-0"]
[WhiteElo "2398"]
[BlackElo "2140"]
[PlyCount "71"]
[EventDate "2001.08.20"]
[EventType "swiss"]
[EventRounds "9"]
[EventCountry "ESP"]
[SourceTitle "EXT 2002"]
[Source "ChessBase"]
[SourceDate "2001.11.25"]
[SourceVersion "1"]
[SourceVersionDate "2001.11.25"]
[SourceQuality "1"]

1. Nf3 Nf6 2. c4 e6 3. Nc3 b6 4. e4 d6 5. d4 Bb7 6. Bd3 c5 7. d5 e5 8. 0-0 g6 9. Bg5 Bg7 10. h3 a6 11. a3 0-0 12. Qd2 Kh8 13. b4 Nbd7 14. Rab1 Qc7 15. Rfc1 Ng8 16. Qc2 Rab8 17. Bd2 Bc8 18. Rb2 Ne7 19. Rcb1 h6 20. Na4 f5 21. bxc5 Nxc5 22. Nxc5 dxc5 23. Ba5 Rf6 24. Bc3 fxe4 25. Bxe4 Rf4 26. Re1 Qd6 27. Qe2 Bxh3 28. gxh3 Rbf8 29. Nh2 Nf5 30. Bxf5 R8xf5 31. f3 Kh7 32. Qd3 e4 33. Rxe4 Rg5+ 34. Rg2 Rxe4 35. fxe4 Qf4 36. Bxg7 1-0